| 000 | 00754nam a2200229 u 4500 | ||
|---|---|---|---|
| 005 | 20250703063905.0 | ||
| 008 | 120702s2008 r 000 0 eng d | ||
| 020 | _a9789872345143 | ||
| 035 | _aUPN01000185616 | ||
| 049 | _aCG | ||
| 050 | 4 |
_aPQ7082 C8 _bL3.72 |
|
| 245 | 0 | 0 |
_aLatinoamérica en voz 2 : _bcuentos y leyendas / _cMarissa Amado ... [et al.]. ; il. Lucas Nine. |
| 260 |
_aBuenos Aires : _bAbran cancha, _cc2008. |
||
| 300 |
_a62 p. : _bil. + _e1 CD-ROM, 4 3/4 plg. |
||
| 440 | 0 |
_aOído leído ; _v2 |
|
| 500 | _aEl CD-ROM, solicítalo en el Mostrador de Préstamo | ||
| 650 | 4 |
_aCUENTOS LATINOAMERICANOS - _vCOLECCIONES _917673 |
|
| 650 | 2 |
_aLeyendas _98252 |
|
| 700 | 1 |
_aAmado, Marissa, _ecoaut. |
|
| 905 | _aLibro | ||
| 999 |
_c157719 _d157719 |
||